| 000 | 00450nam a2200169Ia 4500 | ||
|---|---|---|---|
| 008 | 240729s9999 xx 000 0 und d | ||
| 022 | _a1538-4365 | ||
| 245 | 4 | _aThe Astrophysical Journal Supplement Series | |
| 260 | _aUnited Kingdom | ||
| 260 | _bIOP Publishing | ||
| 650 | _a Astronomy | ||
| 650 | _a Astrophysics | ||
| 650 | _aScience | ||
| 856 | _uhttps://doaj.org/toc/08c35cd409ca405e8a64be6426f1a559 | ||
| 942 | _2ddc | ||
| 942 | _cDOAJEJ | ||
| 999 |
_c73665 _d73665 |
||
| 945 |
_a1 _bMadushi Gamage _c1 _dMadushi Gamage |
||